00623cam a22001813a 4500020002400000040000800024082002600032100001700058245003400075260003500109300002100144490001700165500002600182500003000208520012800238650001800366710005700384 a0590568930 (pbk.) : cJBL a813 SCH 1997 A094 Or.1 aStine, R. L.14aThe curse of Camp Cold Lake / aNew York :bScholastic,c1997. a114 p. ;c20 cm.1 aGoosebumps ; a"An Apple paperback." a"A Parachute Press book." aSarah hates Camp Cold Lake; the lake is gross and slimy. Down by the lake someone with a see-through body is watching her. 0aHorror tales.2 aCopyright Paperback Collection (Library of Congress)